To Study the Implications of Currency Futures as a Hedging Tool (Record no. 97222)

MARC details
000 -LEADER
fixed length control field 00412nam a2200145Ia 4500
008 - FIXED-LENGTH DATA ELEMENTS--GENERAL INFORMATION
fixed length control field 230128s9999 xx 000 0 und d
041 ## - LANGUAGE CODE
Language code of text/sound track or separate title eng
082 ## - DEWEY DECIMAL CLASSIFICATION NUMBER
Classification number PUJ PR0432
Item number PUJ
100 ## - MAIN ENTRY--PERSONAL NAME
Personal name Pujari Santoshi - 2K91117
9 (RLIN) 118924
245 ## - TITLE STATEMENT
Title To Study the Implications of Currency Futures as a Hedging Tool
260 ## - PUBLICATION, DISTRIBUTION, ETC. (IMPRINT)
Date of publication, distribution, etc. 2011
Name of publisher, distributor, etc. Pune University
Place of publication, distribution, etc. Pune
300 ## - PHYSICAL DESCRIPTION
Extent 55p
502 ## - DISSERTATION NOTE
Name of granting institution Gogate Ranjana

No items available.